Normal view
MARC view
Entry Personal Name
001 - CONTROL NUMBER
- control field: 863332
003 - CONTROL NUMBER IDENTIFIER
- control field: OSt
005 - DATE AND TIME OF LATEST TRANSACTION
- control field: 20260109114457.0
008 - FIXED-LENGTH DATA ELEMENTS
- fixed length control field: 260109|| aca||aabn | a|a d
040 ## - CATALOGING SOURCE
- Original cataloging agency: OSt
- Transcribing agency: OSt
100 ## - HEADING--PERSONAL NAME
- Personal name: पटेल, रेखा जेड
670 ## - SOURCE DATA FOUND
- Source citation: Work cat.: (OSt)1467399: पटेल, रेखा जेड. , हिन्दी कहानी का उद्भव - विकास एवं जयशंकर प्रसाद , 2024
